|
|
|
|
| LEADER |
02463nam a2200337 u 4500 |
| 001 |
10112435 |
| 003 |
upatras |
| 005 |
20210117204957.0 |
| 008 |
140403s2014 gr gre |
| 040 |
|
|
|a GR-PaULI
|c GR-PaULI
|
| 041 |
0 |
|
|a gre
|
| 082 |
1 |
4 |
|a 617.481 01
|2 23
|
| 084 |
|
|
|a WL 359
|
| 100 |
1 |
|
|a Μαρκάκη, Έλλη
|4 aut
|9 137649
|
| 245 |
1 |
0 |
|a Μελέτη των παραγόντων που οδηγούν στη μεταβολή του σωματικού βάρους ασθενών με εξωπυραμιδική συνδρομή, που υποβάλλονται σε χειρουργική θεραπεία με εμφύτευση ηλεκτροδίων στον εγκέφαλο και εν τω βάθει ηλεκτρικό ερεθισμό
|c Έλλη Μαρκάκη; Πανεπιστήμιο Πατρών, Σχολή Επιστημών Υγείας, Τμήμα Ιατρικής, Νευροχειρουργική Κλινική
|
| 260 |
|
|
|a Πάτρα
|b [χ.ό.]
|c 2014
|
| 300 |
|
|
|a 125 σ.
|b πίν.
|c 30 εκ.
|
| 500 |
|
|
|a Πρόγραμμα μεταπτυχιακών σπουδών "Κλινικές-κλινικοεργαστηριακές ιατρικές ειδικότητες"
|
| 504 |
|
|
|a Περιλαμβάνει βιβλιογραφία
|
| 650 |
|
4 |
|a Νόσος Parkinson
|x Θεραπεία
|9 137650
|
| 650 |
|
4 |
|a Νευρικό σύστημα
|x Ασθένειες
|9 28865
|
| 700 |
1 |
|
|a Κωνσταντογιάννης, Κωνσταντίνος Δ.
|4 oth
|9 30256
|
| 710 |
2 |
|
|9 2771
|a Πανεπιστήμιο Πατρών
|b Σχολή Επιστημών Υγείας
|b Τμήμα Ιατρικής
|e Σχολή Επιστημών Υγείας
|e Τμήμα Ιατρικής
|e Νευροχειρουργική Κλινική
|
| 852 |
|
|
|a GR-PaULI
|b ΠΑΤΡΑ
|b ΒΚΠ
|b ΑΝΕ
|k ΔΙΑΤΡΙΒΗ
|h 617.481 01 ΜΑΡ
|m 122092
|p 025000239691
|t 2
|
| 852 |
|
|
|a GR-PaULI
|b ΠΑΤΡΑ
|b ΙΑΤΡΙΚΗ
|k ΔΙΑΤΡΙΒΗ-10
|h WL 359 ΜΑΡ
|m Δ/001403
|p 025000173879
|t 1
|
| 856 |
|
|
|u http://hdl.handle.net/10889/7468
|
| 942 |
|
|
|2 ddc
|c BKTD
|
| 952 |
|
|
|0 0
|1 0
|4 0
|6 617_481000000000000_01_ΜΑΡ
|7 0
|9 164854
|a LISP
|b LISP
|c RES
|d 2016-04-24
|i 122092
|l 0
|o 617.481 01 ΜΑΡ
|p 025000239691
|r 2016-04-24 00:00:00
|t 2
|w 2016-04-24
|y BKTD
|
| 952 |
|
|
|0 0
|1 0
|4 0
|6 WL_359_000000000000000_ΜΑΡ
|7 0
|9 164855
|a MEDI
|b MEDI
|d 2016-04-24
|i Δ/001403
|l 0
|o WL 359 ΜΑΡ
|p 025000173879
|r 2016-04-24 00:00:00
|t 1
|w 2016-04-24
|y BKTD
|
| 998 |
|
|
|c ΜΑΝΙΑΚΗ
|d 2014-04
|
| 999 |
|
|
|c 103375
|d 103375
|